000 00416nam a22001337a 4500
040 _cNUST
082 _a200 THE
100 _aWajeha Fareed
_983990
110 _aSupervisor Dr. Muhammad Usman Akram
_983991
245 _aTH-SOF-1923-CXR Image-Based Classification of COVID-19 using CNN Model
260 _aISLAMABAD:
_bNUST COLLEGE OF EME,
_c2021.
650 _aMS-COMPUTER ENGINEERING-19
_983992
942 _2ddc
_cTHE
999 _c586711
_d586711